书目信息 |
| 题名: |
同是大写的“人”
|
|
| 作者: | 孙绍邦 著 | |
| 分册: | ||
| 出版信息: | 成都 四川少年儿童出版社 1994 |
|
| 页数: | 149页 | |
| 开本: | 20cm | |
| 丛书名: | 中国儿童生存、保护和发展书系 | |
| 单 册: | ||
| 中图分类: | D669.69 | |
| 科图分类: | 33.6926 | |
| 主题词: | 儿童-残疾人--概况--中国 , 残疾人-儿童--概况--中国 | |
| 电子资源: | ||
| ISBN: | 7-5365-1228-7 | |
| 000 | 00881nam2 2200265 45 | |
| 001 | 1555501348 | |
| 005 | 20150130152529.06 | |
| 010 | @a7-5365-1228-7@b精装@dCNY6.15 | |
| 100 | @a19950421d1994 em y0chiy0121 ea | |
| 101 | 0 | @achi |
| 102 | @aCN@b510000 | |
| 105 | @ay z 000yy | |
| 200 | 10 | @a同是大写的“人”@ATONG SHI DA XIE DE “ REN ”@e中国残疾儿童的现状与未来@EZHONG GUO CAN JI ER TONG DE XIAN ZHUANG YU WEI LAI@f孙绍邦著@FSUN SHAO BANG ZHU |
| 210 | @a成都@c四川少年儿童出版社@d1994 | |
| 215 | @a149页@d20cm | |
| 225 | 2 | @a中国儿童生存、保护和发展书系 |
| 410 | 0 | @120010@a中国儿童生存、保护和发展书系 |
| 540 | 1 | @a残疾 儿童@ACAN JI ER TONG |
| 606 | @a儿童-残疾人@x概况@y中国 | |
| 606 | @a残疾人-儿童@x概况@y中国 | |
| 690 | @aD669.69@v三版 | |
| 692 | @a33.6926 | |
| 701 | 0 | @a孙绍邦@ASUN SHAO BANG@4著 |
| 801 | 0 | @aCN@bTSSF@c20150130 |
| 905 | @aZUCC@dD669.69@eJY1 | |
| 同是大写的“人”:中国残疾儿童的现状与未来/孙绍邦著.-成都:四川少年儿童出版社,1994 |
| 149页;20cm.-(中国儿童生存、保护和发展书系) |
| ISBN 7-5365-1228-7(精装):CNY6.15 |
| ● |
| 相关链接 |
|
|
|
|
正题名:同是大写的"人"
索取号:D669.69/JY1
 
预约/预借
| 序号 | 登录号 | 条形码 | 馆藏地/架位号 | 状态 | 备注 |
| 1 | 7859818 | 278598180 | 学院路分馆/ [索取号:D669.69/JY1] | 在馆 |